• 首页
  • 本馆介绍
  • 公告通知
  • 最新文献
  • 馆藏检索
  • 电子资源
  • 读者导购
  • 参考咨询
  • 我的图书馆
  • 登录
  • 详细信息显示
  • 放入我的书架
  • 预约/预借图书
  • 作者相关作品
  • 分类相关作品
  • 丛书相关作品
  • 出版社相关作品

书目信息

  • 表格格式
  • 工作单格式
  • 卡片格式
题名:
西方经济学
    
 
作者: 朱烨 , 杨玉敬 主编
分册:  
出版信息: 北京   中国工商出版社  2013
页数: 346页
开本: 26cm
丛书名:
单 册:
中图分类: F091.3
科图分类:
主题词: 西方经济学--xi fang jing ji xue--高等学校--教材 , 西方经济学--xi fang jing ji xue
电子资源:
ISBN: 978-7-80215-607-4
000 00985nam0 2200265 450
001 2151111874
005 20211018173724.0
010    @a978-7-80215-607-4@dCNY48.00
100    @a20130713d2013 em y0chiy50 ea
101 0  @achi
102    @aCN@b110000
105    @aa z 000yy
106    @ar
200 1  @a西方经济学@Axi fang jing ji xue@f杨玉敬主编
210    @a北京@c中国工商出版社@d2013
215    @a346页@c图@d26cm
300    @a普通高等教育“十二五”规划教材
330    @a本书共十七章,主要内容有:导论、均衡价格理论、消费者行为理论、生产理论、成本理论、市场与厂商均衡理论、生产要素价格与收入分配理论、一般均衡和福利经济学、市场失灵与政府的经济职能、国民收入核算理论等。
606 0  @a西方经济学@Axi fang jing ji xue@x高等学校@j教材
606 0  @a西方经济学@Axi fang jing ji xue
690    @aF091.3@v5
701  0 @a朱烨@Azhu ye@c(职业教育)@4主编
701  0 @a杨玉敬@Ayang yu jing@c(经济学)@4主编
801  0 @aCN@b百万庄@c20211016
905    @b1310064-67@dF091.3@e101@f4
    
    西方经济学/杨玉敬主编.-北京:中国工商出版社,2013
    346页:图;26cm
    普通高等教育“十二五”规划教材
    
    ISBN 978-7-80215-607-4:CNY48.00
    本书共十七章,主要内容有:导论、均衡价格理论、消费者行为理论、生产理论、成本理论、市场与厂商均衡理论、生产要素价格与收入分配理论、一般均衡和福利经济学、市场失灵与政府的经济职能、国民收入核算理论等。
●
相关链接 在E读中查询图书 在五车中查询图书 在当当中查询图书 在豆瓣中查询图书


正题名:西方经济学     索取号:F091.3/101         预约/预借

序号 登录号 条形码 馆藏地/架位号 状态 备注
1 1310064   213100641   第一样本阅览室/ [索取号:F091.3/101] 在馆    
2 1310065   213100650   第一借阅区/ [索取号:F091.3/101] 在馆    
3 1310066   213100669   第一借阅区/ [索取号:F091.3/101] 在馆    
4 1310067   213100678   第一借阅区/ [索取号:F091.3/101] 在馆    
唐山师范学院图书馆 欢迎您!
大连网信软件有限公司© 版权所有